Stadtteile Erfurt - Vollständig - Statistics

General Stats
  • This quiz has been taken 43 times
  • The average score is 29 of 53
Answers on the Map
Answers color-coded by a green-red scale on the quiz's map according to % correct below.
 
Answer Stats
Answer % Correct
Altstadt
100%
Andreasvorstadt
100%
Krämpfervorstadt
100%
Brühlervorstadt
80%
Bindersleben
70%
Bischleben-Stedten
70%
Gispersleben
70%
Herrenberg
70%
Johannesvorstadt
70%
Linderbach
70%
Löbervorstadt
70%
Marbach
70%
Moskauer Platz
70%
Rieth
70%
Roter Berg
70%
Stotternheim
70%
Vieselbach
70%
Alach
60%
Berliner Platz
60%
Daberstedt
60%
Hochheim
60%
Kerspleben
60%
Möbisburg-Rhoda
60%
Molsdorf
60%
Salomonsborn
60%
Schmira
60%
Azmannsdorf
50%
Büßleben
50%
Egstedt
50%
Frienstedt
50%
Hohenwinden
50%
Ilversgehofen
50%
Johannesplatz
50%
Melchendorf
50%
Rohda (Haarberg)
50%
Töttleben
50%
Urbich
50%
Wiesenhügel
50%
Windischholzhausen
50%
Dittelstedt
40%
Ermstedt
40%
Mittelhausen
40%
Niedernissa
40%
Wallichen
40%
Waltersleben
40%
Gottstedt
30%
Hochstedt
30%
Kühnhausen
30%
Sulzer Siedlung
30%
Tiefthal
30%
Töttelstädt
30%
Schaderode
20%
Schwerborn
20%
No matching quizzes found
Score Distribution
Percent of People with Each Score
Percentile by Number Answered
Your Score History
You have not taken this quiz